[Event "1. Bamberg-Open 2018"]
[Site "Bamberg"]
[Date "2018.05.10"]
[Round "3"]
[White "Chatalbashev, Boris"]
[Black "Troyke, Christian"]
[Result "1/2-1/2"]
[WhiteElo "2561"]
[BlackElo "2342"]
[Annotator "TA"]
[PlyCount "74"]
[EventDate "2018.??.??"]
[EventType "swiss"]
[EventCountry "GER"]
[SourceTitle "playchess.com"]
[Source "ChessBase"]
[SourceQuality "1"]

{[%evp 10,74,35,33,33,29,40,14,21,25,40,32,39,39,47,44,39,48,52,41,60,0,0,0,0,-42,-43,-52,-52,-66,-72,-87,-26,-60,-56,-122,-124,-117,-131,-158,-151,-153,-151,-206,-177,-169,-125,-156,-146,-196,-166,-152,-107,-130,-38,-245,-254,-431,-404,-484,-466,-435,0,0,0,-418,0]} 1. d4 g6 2. e4 Bg7 3. Nc3 d5 4. Nxd5 (4. exd5 Nf6 5. Bc4 Nbd7 6. Bg5 O-O 7. Nge2 Nb6 8. Bxf6 exf6 9. Bb3 a5 10. a4 c6 11. O-O f5 12. Re1 Nxd5 13. Nxd5 cxd5 {1-0 (73) Lomasov,S (2516)-Ponkratov,P (2613) Khanty-Mansiysk 2017}) 4... c6 5. Nc3 Qxd4 6. Bd3 {LiveBook: 3 Games. B06: Modern Defence} Nf6 7. Nf3 $146 ({Predecessor:} 7. Qe2 O-O 8. f4 Qb6 9. e5 Nd5 10. Nf3 Bg4 11. h3 Bxf3 12. Qxf3 Nxc3 13. bxc3 {1-0 (73) Forster,R (2458)-Hug,W (2483) Switzerland 2017}) 7... Qb6 8. h3 {White is slightly better.} (8. a4 {is interesting.} O-O 9. O-O Nbd7 10. h3 a5 11. e5) 8... O-O 9. O-O Nbd7 10. a4 a5 11. e5 {[#] Threatens to win with Be3.} Nd5 12. Nxd5 cxd5 13. Re1 Nc5 14. Bb5 e6 15. Bf4 ({Better is} 15. Be3 $14 Qa7 16. b4 axb4 17. Qd4) 15... Bd7 $11 16. Bxd7 Nxd7 17. c4 Qb4 $1 18. Rc1 Nb6 19. Bd2 Qxa4 20. b3 {[#]} Qd7 (20... Qc6 $1 $17 {[%cal Rd5c4]} 21. Nd4 Qe8) 21. Be3 Ra6 22. Qe2 (22. Bxb6 $15 Rxb6 23. cxd5) 22... dxc4 $17 23. Red1 Qc7 24. Rd6 c3 {...Nd5 is the strong threat.} 25. Bxb6 Rxb6 26. Rxc3 (26. Rxb6 $17 Qxb6 27. Rxc3) 26... Qxc3 27. Rxb6 Qc7 28. Rd6 Rc8 29. Qd3 h6 30. Rd7 Qc1+ 31. Kh2 Rc3 ({Black should try} 31... b6 $17 32. Qe4 Qc5) 32. Qe4 $2 (32. Qd4 $1 $15) 32... Rxb3 $19 33. Nd4 $2 (33. Qa4 Rb1 34. Rd4) 33... Rb1 34. Rd8+ Kh7 35. Rd7 Kg8 36. Rd8+ $1 Kh7 37. Rd7 $1 {[%cal Rd7f7]} Kg8 $2 {Precision: White = 44%, Black = 58%.} (37... Qe1 $19 38. Qxe1 Rxe1) 1/2-1/2

[Event "1. Bamberg-Open 2018"]
[Site "Bamberg"]
[Date "2018.05.10"]
[Round "3"]
[White "Kunin, Vitaly"]
[Black "Schulz, Lukas"]
[Result "1-0"]
[WhiteElo "2545"]
[BlackElo "2276"]
[Annotator "TA"]
[PlyCount "127"]
[EventDate "2018.??.??"]
[EventType "swiss"]
[EventCountry "GER"]
[SourceTitle "playchess.com"]
[Source "ChessBase"]
[SourceQuality "1"]

{[%evp 16,127,65,60,83,77,108,57,43,39,45,42,73,11,36,13,32,0,0,-4,-18,-18,-22,-17,0,0,0,0,0,0,0,-14,0,0,0,0,0,0,0,-21,-29,-34,0,-43,-40,-49,-42,-42,-42,-42,-42,-48,-55,-55,-42,-52,-26,-34,0,0,0,0,0,0,0,0,0,0,0,0,12,12,35,35,36,36,62,41,104,52,63,37,129,107,96,87,93,107,64,87,85,0,0,0,0,0,0,0,0,0,0,0,0,0,0,0,0,0,371,381,375,325,29988,29989]} 1. d4 Nf6 2. Nf3 d6 3. c4 g6 4. Nc3 Bg7 5. e4 O-O 6. h3 Nbd7 7. Bg5 c5 8. d5 a6 9. a4 {LiveBook: 12 Games. E90: King's Indian: Classical: Early deviations and 6 h3} Qa5 {Strongly threatening ...Nxe4.} (9... h6 10. Be3 Re8 11. Qd2 e6 12. Bd3 exd5 13. cxd5 c4 14. Bc2 Qa5 15. O-O g5 16. Bd4 Ne5 17. Nxe5 dxe5 {½-½ (32) Lupulescu,C (2634)-Manolache,M (2503) Mamaia 2013}) 10. Bd3 e5 11. dxe6 (11. Kf1 $16) 11... fxe6 $14 12. O-O $146 ({Predecessor:} 12. e5 dxe5 13. O-O Qc7 14. Qe2 b6 15. Rfe1 Nh5 16. Rad1 Nf4 17. Bxf4 Rxf4 {1-0 (55) Flear,G (2490)-Pastor Pons,C (2280) San Sebastian 1995}) 12... Qc7 13. Qd2 Ne5 14. Be2 (14. Nxe5 $16 {aiming for Nf3.} dxe5 15. Rfd1) 14... Nf7 $11 15. Bf4 Bd7 16. Rfe1 Bc6 17. Bf1 Rad8 18. Qc2 Nh5 19. Bh2 Ne5 20. Nxe5 Bxe5 21. Bxe5 dxe5 22. g3 Rd4 23. b3 Rfd8 24. Ra2 Kg7 25. Qc1 h6 26. Rae2 g5 27. Bg2 Qd6 28. Re3 Rd2 29. Nb1 (29. Nd5 $5 Rd4 30. Nc3 $15) 29... Rd1 30. Qc3 Qd4 31. Rxd1 Qxd1+ 32. Re1 Qd4 33. Qxd4 Rxd4 34. Nc3 Nf6 35. Re2 Rd3 36. Rc2 Rd4 {[%cal Rf6e4]} 37. f3 a5 38. Kf2 b6 39. Bf1 Nh5 40. Be2 Be8 41. Nd1 Bg6 42. Nb2 Kf6 43. Nd3 Rd8 44. Rc1 Ng7 45. Ke3 Nh5 46. Rg1 $1 Ng7 (46... Rd4 $1 $14) 47. f4 (47. Nf2 $16) 47... exf4+ $14 48. gxf4 Bh5 (48... Nh5 $14) 49. fxg5+ hxg5 50. Rf1+ Ke7 51. Bxh5 Nxh5 $16 {[%mdl 4096] Endgame KRN-KRN} 52. Ne5 $1 {[%cal Re5c6] And now Nc6+ would win.} Rg8 {[#]} 53. Rd1 ({Better is} 53. Rf7+ $1 $16 Kd6 54. Nd3) 53... Nf4 $11 54. Rd7+ Kf6 55. Ng4+ Kg6 56. Rd6 Rh8 57. Nf2 Rb8 58. Kf3 Kh5 59. e5 {[%cal Be4e5,Be5f6][%mdl 32]} Rf8 60. Ne4 Kh4 61. Nf6 Kxh3 $2 {[%mdl 8192] [#]} (61... Nxh3 $11 62. Ke3 g4) 62. Rd1 $1 $18 {[%cal Rd1h1]} Kh4 63. Rg1 Rxf6 $2 (63... Rh8 $18 64. Rg4+ Kh3) 64. exf6 {Precision: White = 64%, Black = 50%.} 1-0

[Event "1. Bamberg-Open 2018"]
[Site "Bamberg"]
[Date "2018.05.10"]
[Round "3"]
[White "Noe, Christopher"]
[Black "Goldbeck, Lars"]
[Result "1/2-1/2"]
[WhiteElo "2518"]
[BlackElo "2247"]
[Annotator "TA"]
[PlyCount "86"]
[EventDate "2018.??.??"]
[EventType "swiss"]
[EventCountry "GER"]
[SourceTitle "playchess.com"]
[Source "ChessBase"]
[SourceQuality "1"]

{[%evp 18,86,33,49,32,13,25,4,27,11,8,0,0,-19,-22,-22,-14,-18,-28,-15,2,0,3,5,4,0,0,0,0,0,6,0,10,0,0,0,4,5,10,18,7,0,0,0,0,0,0,0,0,0,0,0,0,0,0,0,0,0,0,0,0,0,0,0,0,0,0,0,0,0,0]} 1. d4 Nf6 2. c4 g6 3. f3 Bg7 4. e4 O-O 5. Nc3 Nc6 (5... d6 6. Nge2 a6 7. Ng3 Nbd7 8. Be2 c6 9. O-O b5 10. Be3 Rb8 11. Rf2 Qc7 12. Rc1 b4 13. Na4 c5 14. d5 e6 15. b3 Re8 16. Qd2 exd5 17. cxd5 Nb6 18. Nxb6 Qxb6 {1-0 (34) Aronian,L (2780)-Van Wely,L (2695) Wijk aan Zee 2017}) 6. d5 {E70: King's Indian: Miscellaneous lines with 4 e4, including 5 Nge2 and 5 Bd3 0-0 6 Nge2} Nb4 7. Be3 d6 8. a3 Na6 9. Bd3 c6 10. Nge2 {LiveBook: 3 Games} e6 11. dxe6 Bxe6 12. Nf4 $146 ({Predecessor:} 12. O-O Nc5 13. Nd4 Nfd7 14. Be2 Ne5 15. Nxe6 fxe6 16. b4 Na6 17. Qd2 Kf7 18. Rac1 c5 {½-½ (18) Iljushin,A (2529)-Kempinski,R (2586) Antalya 2004}) 12... Nc7 13. O-O d5 14. cxd5 cxd5 {[#] Hoping for ...d4.} 15. Nxe6 (15. Be2 {seems wilder.} Nxe4 16. Nxe4 dxe4 17. fxe4 Bd7 18. Bc4) 15... Nxe6 16. exd5 Nxd5 17. Nxd5 Qxd5 18. Be4 Qxd1 {The position is equal.} 19. Rfxd1 Bxb2 20. Ra2 Bc3 21. Bxb7 (21. Rc2 {keeps more tension.} Ba5 22. Bxb7 Rab8 23. Rd7 Bb6 24. Kf2) 21... Rad8 22. Rxd8 Rxd8 23. Kf2 Bd4 24. Rc2 Kf8 25. Rc4 Ke7 26. Bc8 a5 27. a4 Rd5 28. Bxd4 Nxd4 $11 {[%mdl 4096] Endgame KRB-KRN} 29. Ke3 Nb3 30. Ba6 {[#] And now Re4+ would win.} Nc5 31. Bb5 Kd6 32. Rd4 g5 33. g3 f6 34. Be8 h6 35. h3 Ke5 36. f4+ gxf4+ 37. gxf4+ Kd6 $1 38. h4 f5 39. Bb5 Rxd4 40. Kxd4 Ne6+ 41. Ke3 Nc5 42. Kd4 Ne6+ 43. Ke3 Nc5 {Precision: White = 65%, Black = 75%.} 1/2-1/2

[Event "1. Bamberg-Open 2018"]
[Site "Bamberg"]
[Date "2018.05.10"]
[Round "3"]
[White "Vogel, Roven"]
[Black "Hovsepyan, Vardan"]
[Result "1-0"]
[WhiteElo "2449"]
[BlackElo "2244"]
[Annotator "TA"]
[PlyCount "57"]
[EventDate "2018.??.??"]
[EventType "swiss"]
[EventCountry "GER"]
[SourceTitle "playchess.com"]
[Source "ChessBase"]
[SourceQuality "1"]

{[%evp 17,57,64,114,86,137,133,131,125,145,137,180,162,195,193,234,214,377,368,369,354,507,515,526,522,475,511,493,494,619,614,605,577,679,669,681,675,670,670,2207,2100,1620,1505]} 1. d4 Nf6 2. c4 c5 3. d5 e5 4. Nc3 d6 5. e4 Be7 6. g3 O-O 7. Bg2 Ne8 8. Nge2 g6 9. O-O f5 {LiveBook: 5 Games. A56: Czech Benoni} 10. f4 Ng7 (10... Nd7 $142) 11. fxe5 $16 dxe5 {White is clearly better.} 12. Be3 Na6 13. Qd2 Nc7 $146 ({Predecessor:} 13... Ne8 14. Bh6 Rf6 15. Nb5 Nd6 16. Nxd6 Qxd6 17. Nc3 {1-0 (30) Piceu,T (2339)-Korotkjevich,S (2395) Germany 2011}) 14. Nc1 Bd6 15. Nd3 b6 16. Rae1 Rf7 $2 (16... Ba6 {was called for.} 17. b3 Bc8) 17. Bg5 $18 Qe8 18. exf5 Bxf5 {[#]} (18... gxf5 {was necessary.} 19. Nxe5 Bxe5) 19. g4 $1 {[%mdl 512] White is clearly winning.} Bxd3 (19... Bxg4 20. Ne4) 20. Qxd3 Rxf1+ 21. Rxf1 ({Weaker is} 21. Kxf1 Be7 $18) 21... Qd7 22. Ne4 {Threatens to win with Nf6+.} Nce8 23. Qf3 Rc8 24. Bf6 Rc7 {[#]} 25. Bxe5 $1 {[%mdl 512]} Qe7 (25... Bxe5 26. Qf8#) 26. Nxd6 Nxd6 27. Qf6 Nde8 28. Qxe7 Rxe7 29. d6 {Precision: White = 80%, Black = 33%.} 1-0

[Event "1. Bamberg-Open 2018"]
[Site "Bamberg"]
[Date "2018.05.10"]
[Round "3"]
[White "Mazur, Stefan"]
[Black "Grosshans, Ralf-Michael"]
[Result "1-0"]
[WhiteElo "2413"]
[BlackElo "2119"]
[Annotator "TA"]
[PlyCount "37"]
[EventDate "2018.??.??"]
[EventType "swiss"]
[EventCountry "GER"]
[SourceTitle "playchess.com"]
[Source "ChessBase"]
[SourceQuality "1"]

{[%evp 18,37,45,45,44,28,74,82,71,67,75,70,72,48,131,141,119,109,135,135,259,248]} 1. e4 {[%cal Be2e4,Be4e5][%mdl 32]} Nf6 2. e5 Nd5 3. c4 Nb6 4. d4 d6 5. exd6 exd6 6. h3 Bf5 {B03: Alekhine's Defence: Four Pawns Attack} (6... Be7 7. Nf3 Bf6 8. Be2 O-O 9. O-O Be6 10. Qc2 d5 11. c5 Nc8 12. b4 Nc6 13. Qc3 a6 14. a4 {0-1 (83) Inarkiev,E (2707)-Shimanov,A (2600) Tyumen 2012}) 7. Nf3 Be7 8. Be2 O-O 9. O-O h6 10. Nc3 {LiveBook: 3 Games} Re8 11. b3 $146 ({Predecessor:} 11. Be3 d5 12. c5 Nc4 13. Bxc4 dxc4 14. Ne5 Nc6 15. Nxc4 Bf6 16. d5 Nb4 17. d6 {1-0 (32) Draghici Flutur,G (2128)-Bjerring,K (2311) Linares 2001}) 11... d5 12. c5 Nc8 13. Ne5 {aiming for Bh5.} Bf6 14. f4 {[%cal Bf2f4,Bf4e5][%mdl 32]} Ne7 15. Be3 $36 {[%mdl 2048] White has some pressure.} Bxe5 ({Black should play} 15... b6 $14) 16. fxe5 $16 Nbc6 17. Qd2 Qd7 18. Rf2 Ng6 {[#]} (18... Be6 $16 {might work better.} 19. g4 Ng6) 19. Rxf5 $1 {[%mdl 512] Precision: White = 100%, Black = 27%.} 1-0

[Event "1. Bamberg-Open 2018"]
[Site "Bamberg"]
[Date "2018.05.10"]
[Round "3"]
[White "Paehtz, Thomas"]
[Black "Tong, Kevin"]
[Result "1/2-1/2"]
[WhiteElo "2353"]
[BlackElo "2158"]
[Annotator "TA"]
[PlyCount "125"]
[EventDate "2018.??.??"]
[EventType "swiss"]
[EventCountry "GER"]
[SourceTitle "playchess.com"]
[Source "ChessBase"]
[SourceQuality "1"]

{[%evp 15,125,19,25,20,22,13,16,16,30,0,0,-43,-42,-40,-43,-33,-10,-4,-9,-18,-15,-9,0,0,0,-27,-19,-40,0,0,16,8,16,21,25,17,22,22,24,22,22,17,31,20,29,24,28,29,42,30,41,43,39,14,62,10,65,48,154,56,121,87,94,90,153,103,131,98,117,66,66,66,69,18,20,23,35,18,34,-4,153,141,127,117,111,84,114,66,277,0,0,0,0,0,5,0,6,1,1,1,1,1,1,0,0,0,0,0,0,0,0,0]} 1. e4 e5 2. Bc4 Nc6 3. Nf3 Nf6 4. d3 Be7 5. O-O O-O 6. a4 d6 {C55: Two Knights: 4 d3, 4 d4 exd4 5 e5 and Max Lange Attack} 7. a5 (7. h3 Be6 8. Re1 Qd7 9. Nc3 h6 10. Be3 a6 11. Bxe6 fxe6 12. d4 exd4 13. Nxd4 Nxd4 14. Qxd4 Nh5 15. e5 {0-1 (71) Miton,K (2584)-Wang,H (2709) Riadh 2017}) 7... a6 8. c3 Be6 {LiveBook: 5 Games} 9. Bxe6 $146 ({Predecessor:} 9. Nbd2 h6 10. Bxe6 fxe6 11. d4 exd4 12. Nxd4 Nxd4 13. cxd4 d5 14. e5 {½-½ (27) Hoolt,S (2439)-Szczepkowska,K (2396) Erfurt 2017}) 9... fxe6 10. Nbd2 Qd7 11. Nc4 Kh8 12. g3 h6 13. b3 Qe8 14. Ba3 Qh5 15. Nh4 {[#] Threatens to win with Qxh5.} Kh7 16. Qxh5 Nxh5 17. Ng2 g5 18. Nge3 Bf6 19. Rfd1 Bg7 20. Bb2 Nf6 21. f3 Ng8 22. Kg2 Nge7 23. Nd2 Rf7 24. Rh1 Ng6 25. b4 Raf8 26. Rhf1 h5 27. Nb3 Nge7 28. Bc1 {[%cal Bb2c1,Bc1d2,Bd2e3][%mdl 32]} Bh6 29. Bd2 Kg6 30. Rad1 Bg7 31. Nc2 Nc8 32. Be3 N8e7 33. c4 Nb8 34. d4 Nd7 35. d5 (35. dxe5 $1 $14 Bxe5 36. Nbd4 Bxd4 37. Nxd4) 35... Rf6 (35... exd5 $11 36. cxd5 g4) 36. Nd2 $14 Nc8 (36... exd5 $14 37. cxd5 (37. exd5 g4 $11) 37... Bh6) 37. Rh1 ({Better is} 37. b5 $16) 37... h4 ({Black should play} 37... exd5 $14 38. cxd5 (38. exd5 Ne7 $14) 38... Ne7) 38. Bg1 Ne7 39. Ne3 Kh5 (39... Kf7 $142) 40. Ng4 Rg6 41. Be3 Nf6 42. b5 (42. Rhf1 $16) 42... axb5 43. dxe6 bxc4 44. Nxc4 ({White should try} 44. Rb1 $14) 44... Nxg4 $11 45. fxg4+ Kxg4 46. h3+ Kh5 47. Rb1 b6 $2 (47... d5 $11 48. exd5 Nxd5) 48. axb6 $16 cxb6 49. g4+ ({But not} 49. Nxb6 $6 hxg3 50. Kxg3 Rxe6 $11) 49... Kh6 50. Nxd6 {[#] Strongly threatening Nf5+.} Rxe6 51. Nf5+ Kg6 $2 (51... Nxf5 $14 52. exf5 (52. gxf5 Rc6 $14) 52... Ref6) 52. Rhd1 $2 ({Less strong is} 52. Bxb6 Rc8 $14) (52. Rxb6 $18 Rff6 53. Rb7) 52... Bf6 $11 {The position is equal.} 53. Bxb6 Rc8 54. Be3 Rec6 55. Kf3 Rc3 56. Rb6 R8c6 {...Rxb6 is the strong threat.} 57. Rb7 Rc7 $132 {[%mdl 2048] Black has counterplay} 58. Rxc7 Rxc7 59. Rd6 Kf7 60. Nh6+ Kg7 61. Nf5+ Kf7 62. Nh6+ Kg7 63. Nf5+ {Precision: White = 45%, Black = 35%.} 1/2-1/2

[Event "1. Bamberg-Open 2018"]
[Site "Bamberg"]
[Date "2018.05.10"]
[Round "3"]
[White "Donchenko, Anatoly"]
[Black "Brenner, Markus"]
[Result "1-0"]
[WhiteElo "2301"]
[BlackElo "2079"]
[Annotator "NA"]
[PlyCount "91"]
[EventDate "2018.??.??"]
[EventType "swiss"]
[EventCountry "GER"]
[SourceTitle "playchess.com"]
[Source "ChessBase"]
[SourceQuality "1"]
[TimeControl "40/5400+30:900+30"]

1. Nf3 {[%emt 0:00:00]} c5 {[%emt 0:00:08]} 2. c4 {[%emt 0:00:00]} Nf6 {[%emt 0:00:19]} 3. Nc3 {[%emt 0:00:18]} d5 {[%emt 0:00:18]} 4. cxd5 {[%emt 0:00:21]} Nxd5 {[%emt 0:00:09]} 5. e4 {[%emt 0:00:54]} Nxc3 {[%emt 0:02:11]} 6. dxc3 {[%emt 0:01:48]} Qxd1+ {[%emt 0:00:36]} 7. Kxd1 {[%emt 0:00:10]} a6 {[%emt 0:00:42] A34: Symmetrical English: 2 Nc3, lines with ...d5} (7... e6 8. Bb5+ Bd7 9. a4 Nc6 10. Kc2 a6 11. Be2 Be7 12. Rd1 Rc8 13. Nd2 Na5 14. Nc4 Nxc4 15. Bxc4 {0-1 (46) Sadzikowski,D (2496)-Li,C (2722) Heusenstamm 2014}) 8. Be3 {[%emt 0:00:34]} e6 {[%emt 0:00:23]} 9. a4 $146 {[%emt 0:00:22]} ({Predecessor:} 9. Nd2 Nd7 10. a4 Ne5 11. Be2 h5 12. h3 Bd7 13. Kc2 Bc6 14. f3 b6 15. f4 Nd7 16. Bf3 Be7 17. e5 Bxf3 18. gxf3 O-O-O 19. Rhg1 g6 20. a5 {½-½ (20) Van Tienhoven,R (2389)-Dijon,J (2437) ICCF email 2011}) 9... b6 {[%emt 0:01:41]} 10. Nd2 {[%emt 0:01:11]} Bb7 {[%emt 0:01:40]} 11. f3 {[%emt 0:00:30]} Nd7 {[%emt 0:00:29]} 12. Nc4 {[%emt 0:00:38]} Be7 {[%emt 0:03:03]} 13. Kc2 {[%emt 0:00:19]} O-O {[%emt 0:01:07]} 14. Be2 {[%emt 0:02:16]} Bc6 {[%emt 0:03:26]} 15. Bf4 {[%emt 0:05:23]} Ra7 {[%emt 0:01:16]} 16. Rhd1 {[%emt 0:01:05]} Rc8 {[%emt 0:03:29]} 17. b3 {[%emt 0:06:19]} Bd8 {[%emt 0:02:21]} 18. Rd2 {[%emt 0:06:00]} f6 {[%emt 0:13:38]} 19. Nd6 {[%emt 0:08:23]} Rca8 {[%emt 0:00:37]} 20. Bc4 {[%emt 0:00:18]} Nf8 {[%emt 0:00:59]} 21. e5 {[%emt 0:00:41]} g5 {[%emt 0:09:31]} 22. Bg3 {[%emt 0:01:36]} Kg7 {[%emt 0:00:20]} 23. exf6+ {[%emt 0:00:45]} Bxf6 {[%emt 0:00:18]} 24. Ne4 {[%emt 0:00:57]} b5 {[%emt 0:02:43]} 25. Be2 {[%emt 0:01:47]} Bxe4+ {[%emt 0:01:51]} 26. fxe4 {[%emt 0:00:11]} b4 {[%emt 0:00:59]} 27. e5 {[%emt 0:01:06]} Be7 {[%emt 0:00:04]} 28. Bc4 {[%emt 0:04:17]} Rd8 $2 {[%emt 0:02:09]} (28... Rc7 $16 29. Rf1 g4) 29. Rad1 {[%emt 0:01:16]} (29. Rxd8 $18 Bxd8 30. Bf2) 29... Rxd2+ {[%emt 0:00:14]} 30. Rxd2 {[%emt 0:00:09]} a5 {[%emt 0:00:46]} 31. Bf2 {[%emt 0:04:53]} Rc7 {[%emt 0:00:35]} 32. cxb4 {[%emt 0:00:51]} axb4 {[%emt 0:01:35]} 33. Kd3 {[%emt 0:02:10]} Ng6 $2 {[%emt 0:04:30]} (33... Rd7+ 34. Ke3 Rxd2 35. Kxd2 Ng6 36. Bxe6 Nxe5) 34. Ke4 {[%emt 0:00:44]} Kf7 {[%emt 0:00:55]} 35. Be3 {[%emt 0:02:34]} Nf8 {[%emt 0:01:17]} 36. Bb5 {[%emt 0:02:02]} Ra7 {[%emt 0:01:58]} 37. g4 {[%emt 0:02:06]} Rb7 {[%emt 0:02:55]} 38. Rf2+ {[%emt 0:02:17]} Kg7 {[%emt 0:00:17]} 39. Rc2 {[%emt 0:02:35]} Nd7 {[%emt 0:01:43]} 40. Bc4 {[%emt 0:00:32]} Nf8 {[%emt 0:16:11]} 41. a5 {[%emt 0:16:13]} Ra7 $18 {[%emt 0:00:49]} 42. a6 {[%emt 0:00:17]} Kf7 {[%emt 0:04:36]} 43. Bb5 {[%emt 0:02:09]} Nd7 {[%emt 0:01:34]} 44. Bxd7 {[%emt 0:02:01]} Rxd7 {[%emt 0:00:10]} 45. Bxc5 {[%emt 0:00:23]} Rc7 {[%emt 0:00:36]} 46. a7 {[%emt 0:00:15]} 1-0

[Event "1. Bamberg-Open 2018"]
[Site "Bamberg"]
[Date "2018.05.10"]
[Round "3"]
[White "Gegenfurtner, Juergen"]
[Black "Mons, Leon"]
[Result "0-1"]
[WhiteElo "2289"]
[BlackElo "2551"]
[Annotator "TA"]
[PlyCount "108"]
[EventDate "2018.??.??"]
[EventType "swiss"]
[EventCountry "GER"]
[SourceTitle "playchess.com"]
[Source "ChessBase"]
[SourceQuality "1"]

{[%evp 34,108,33,-2,0,0,0,0,0,-7,34,10,26,17,68,65,47,19,11,16,18,19,22,4,11,3,62,-52,-58,-40,-30,-54,-34,-48,-54,-67,-53,-239,-223,-236,-226,-266,-253,-289,-270,-247,-234,-260,-256,-253,-263,-287,-284,-283,-115,-115,-115,-115,-115,-115,-129,-2393,-2866,-2877,-1764,-2192,-2119,-2042,-2042,-1211,-1411,-1512,-2033,-1808,-1682,-5443,-1091]} 1. e4 e5 2. Nf3 Nc6 3. Bb5 a6 4. Ba4 Nf6 5. O-O Be7 6. Re1 b5 7. Bb3 d6 8. c3 O-O 9. h3 Bb7 10. d4 Re8 11. Ng5 Rf8 12. Nf3 Nd7 13. Nbd2 exd4 {C92: Closed Ruy Lopez: 9...Be6, Karpov and Flohr-Zaitsev Variations} 14. cxd4 Re8 15. Nf1 Na5 16. Bc2 Bf6 17. Ng3 (17. Ne3 Bxe4 18. Bd2 Bxc2 19. Qxc2 Nc4 20. Nxc4 Rxe1+ 21. Rxe1 bxc4 22. Qxc4 {½-½ (60) Shankland,S (2671)-Bu,X (2725) Liaocheng 2018}) 17... g6 18. b3 {LiveBook: 13 Games} c5 19. Be3 Nc6 20. Rc1 Rc8 {[#]} 21. Qd2 $146 Qe7 22. d5 Nce5 23. Nh2 {Black must now prevent f4.} Nb6 ({Black should try} 23... Bh4 $11) 24. f4 $14 Ned7 25. Qf2 Bb2 26. Rcd1 Bc3 27. Re2 b4 28. Nf3 a5 29. Bd3 Ra8 ({Better is} 29... a4 $11) 30. Nd2 ({White should play} 30. Bb5 $14) 30... a4 $36 {[%mdl 2048] Black has some pressure.} 31. Nc4 axb3 32. axb3 Nxc4 33. Bxc4 Ba6 34. Bxa6 Rxa6 35. Ra2 $2 (35. Kh2 $15) 35... Rxa2 $19 36. Qxa2 {[#]} Nf6 $1 37. e5 dxe5 38. d6 Qd7 39. Qf2 exf4 40. Qxf4 Qe6 41. Bxc5 Qxb3 42. Rf1 Be5 43. Qh4 Qxg3 (43... Nd7 $19 {has better winning chances.} 44. Bf2 Qd3) 44. Qxg3 $17 Bxg3 45. Rxf6 $19 {[%mdl 4096] Endgame KRB-KRB} b3 46. Rf1 f5 47. Rb1 $2 {[%mdl 8192] [#]} (47. Ba3 $17) 47... Re1+ $1 {Black is clearly winning.} 48. Rxe1 Bxe1 {KB-KB} 49. Ba3 Kf7 50. Kf1 Bh4 51. Ke2 Ke6 52. Kd3 Bf6 53. Bb4 Be5 54. Bc3 Kxd6 {Precision: White = 37%, Black = 65%.} (54... b2 $142 55. Bxb2 Bxb2) 0-1

[Event "1. Bamberg-Open 2018"]
[Site "Bamberg"]
[Date "2018.05.10"]
[Round "3"]
[White "Pribyl, Josef"]
[Black "Roettig, Hans-Peter"]
[Result "1/2-1/2"]
[WhiteElo "2268"]
[BlackElo "2021"]
[Annotator "NA"]
[PlyCount "39"]
[EventDate "2018.??.??"]
[EventType "swiss"]
[EventCountry "GER"]
[SourceTitle "playchess.com"]
[Source "ChessBase"]
[SourceQuality "1"]
[TimeControl "40/5400+30:900+30"]

{[%evp 20,39,56,21,24,32767,32767,51,32767,32767,34,70,68,111,120,120,100,119,129,112,32767,183]} 1. d4 {[%emt 0:00:00]} f5 {[%emt 0:00:12]} 2. g3 {[%emt 0:00:00]} Nf6 {[%emt 0:00:10]} 3. Bg2 {[%emt 0:00:00]} g6 {[%emt 0:00:14]} 4. c4 {[%emt 0:00:00]} Bg7 {[%emt 0:00:07]} 5. Nc3 {[%emt 0:00:00]} d6 {[%emt 0:00:19]} 6. Nf3 {[%emt 0:00:11]} O-O {[%emt 0:00:06]} 7. O-O {[%emt 0:00:08]} Nc6 {[%emt 0:02:28]} 8. Qc2 {[%emt 0:03:32]} e5 {[%emt 0:07:21] A89: Dutch Defence: Leningrad System: 5 Nf3 0-0 6 0-0 d6 7 Nc3 Nc6} 9. dxe5 {[%emt 0:00:43]} Nxe5 {[%emt 0:00:57]} (9... dxe5 10. Rd1 Bd7 11. Bg5 e4 12. Ne1 Ne5 13. Nd5 c6 14. Nxf6+ Bxf6 15. Bxf6 Qxf6 16. f4 exf3 17. exf3 f4 18. b3 {0-1 (73) Schepetkova,M (2243)-Osmak,I (2375) Moscow 2018}) 10. Rd1 {[%emt 0:01:41]} Qe7 {[%emt 0:12:38]} 11. b3 $146 {[%emt 0:00:18]} ({Predecessor:} 11. Bf4 a6 12. Rac1 h6 13. Nh4 Kh7 14. e4 fxe4 15. Nxe4 Bg4 16. Re1 {1-0 (27) Savoca,A (2260)-Sciallero,V (2110) ICCF email 2009}) 11... Re8 {[%emt 0:02:54]} 12. Bb2 {[%emt 0:00:57]} h6 {[%emt 0:09:00]} 13. Rd2 {[%emt 0:01:48]} Neg4 {[%emt 0:05:26]} 14. h3 {[%emt 0:10:22]} Nxf2 {[%emt 0:12:50]} 15. Kxf2 {[%emt 0:10:52]} Ne4+ {[%emt 0:05:26]} 16. Ke1 {[%emt 0:00:57]} ({Don't play} 16. Nxe4 $6 fxe4 17. Kg1 (17. Bxg7 Qxg7 18. Rdd1 Bf5 $11) 17... exf3 $11) 16... c6 {[%emt 0:12:36]} 17. Nxe4 {[%emt 0:04:16]} fxe4 {[%emt 0:00:18] [#]} 18. Nh2 $1 {[%emt 0:00:53]} e3 {[%emt 0:01:34]} 19. Rd3 {[%emt 0:05:14]} Qg5 20. Nf1 $18 {[%emt 0:05:44]} 1/2-1/2